000 00576nam a2200121 a 4500
008 120416s9999 xx |||||||||||||| || u
050 _aTD 224.M4 Fab
100 _aFabos, Julius Gyula
245 1 0 _aModels for landscape resource assessment
350 _a0.00
995 _aMAIN LIBRARY OPEN ACCESS
_D0.00
_e719467
_FCBU-MAIN LIBRARY (Kitwe)
_H2
_I0.00
_jTD 224.M4 Fab
_UWEEDED
_VJul 26, 2017
_y015672
_ZMain Library Open Access Collection
995 _aBINDERY (DAMAGED)
_D0.00
_e723968
_FCBU-MAIN LIBRARY (Kitwe)
_H1
_I0.00
_jTD 224.M4 Fab
_UDAMAGED
_y015673
_ZMain Library Open Access Collection
999 _c77713
_d77713